Statistics for Conference USA College Logo Quiz

Click here to take the quiz!

General Stats

  • This quiz has been taken 40 times
  • The average score is 8 of 11

Answer Stats

Answer% Correct
Louisiana Tech Bulldogs
90%
Florida Atlantic Owls
87%
Rice Owls
84%
Western Kentucky Hilltoppers
84%
Charlotte 49ers
74%
FIU Panthers
74%
UAB Blazers
74%
North Texas Mean Green
68%
UTEP Miners
68%
UTSA Roadrunners
68%
Middle Tennessee Blue Raiders
10%

Score Distribution

Percentile by Number Answered

Percent of People with Each Score

Your Score History

You have not taken this quiz